000 00746nam a2200241Ia 4500
003 OSt
005 20220925202530.0
006 a|||||r|||| 00| 0
007 ta
008 220923b |||||||| |||| 00| 0 eng d
020 _a8185616612
037 _cGeneral Book
040 _aRTL
_cRTL
_beng
041 _2eng
_aeng
082 _aU7.255.P, P0.1
100 _aMahajan Malati
_9131587
245 0 _aMadhya Pradesh
_b Cultural and historical geography from place names in Inscriptions
260 _aDelhi
_bSharda Publishing House India
_c2000
300 _axvii,272p. Bib at the end
_ccm.
650 _aHistorical Geography
942 _hU7.255.P, P0.1
_cGB
_2CC
999 _c543299
_d543299